Introduction to modern algebra (Record no. 74585)

MARC details
000 -LEADER
fixed length control field 00413nam a2200145Ia 4500
008 - FIXED-LENGTH DATA ELEMENTS--GENERAL INFORMATION
fixed length control field 210323s9999||||xx |||||||||||||| ||und||
040 ## - CATALOGING SOURCE
Transcribing agency STCPL
082 ## - DEWEY DECIMAL CLASSIFICATION NUMBER
Classification number 512
Item number KEL-I
100 ## - MAIN ENTRY--PERSONAL NAME
Personal name Kelley L John
245 #0 - TITLE STATEMENT
Title Introduction to modern algebra
260 ## - PUBLICATION, DISTRIBUTION, ETC.
Place of publication, distribution, etc. Ernakulam
Name of publisher, distributor, etc. Van Nostrand Com.
Date of publication, distribution, etc. 1964
300 ## - PHYSICAL DESCRIPTION
Extent P- 337 X 23 CM
650 ## - SUBJECT ADDED ENTRY--TOPICAL TERM
Topical term or geographic name entry element AlgebraSOLVE EVERYDAY PROBLEMS USING JAVA PYTHON AND MORE
942 ## - ADDED ENTRY ELEMENTS (KOHA)
Koha item type Books
Holdings
Withdrawn status Lost status Damaged status Not for loan Home library Current library Shelving location Date acquired Cost, normal purchase price Total Checkouts Full call number Barcode Date last seen Price effective from Koha item type
        ST. THOMAS COLLEGE LIBRARY, PALAI ST. THOMAS COLLEGE LIBRARY, PALAI   2021-07-10 4.00   512 KEL-I 115647 2021-07-10 2021-07-10 Books
Rights reserved ©2021 ST. THOMAS COLLEGE LIBRARY
A joint venture of - St. Thomas College Library and
Department of Computer Science, St. Thomas Collge Palai